000 00377nam a2200109Ia 4500
008 220216s9999 xx 000 0 und d
100 _aSekhar B C
245 0 _aMethyl methacrylate rubber grafts of predetermined molecular characteristics
260 _bProceedings of the Natural Rubber Research Conference, Kuala Lumpur, 1960; p563-570
650 _aRubber grafts
942 _cJS
999 _c62885
_d62885